| 000 | 00351nam a22001217a 4500 | ||
|---|---|---|---|
| 082 |
_a923.5 _bFAY |
||
| 100 |
_aFauzurahman Qari _946394 |
||
| 245 |
_a کیپٹن محمد جاوید اختر شہید _cFauzurahman Qari |
||
| 260 |
_aMultan: _bTayab Academy. |
||
| 300 |
_a212 p. _bill; |
||
| 526 |
_a0 _b0 _c0 _d923_500000000000000_FAY |
||
| 942 |
_2ddc _cBK |
||
| 999 |
_c549741 _d549741 |
||